Normal view MARC view
  • Ekelund, Robert B.

Entry Personal Name

Number of records used in: 1

001 - CONTROL NUMBER

  • control field: 3270

003 - CONTROL NUMBER IDENTIFIER

  • control field: OSt

005 - DATE AND TIME OF LATEST TRANSACTION

  • control field: 20170511102709.0

008 - FIXED-LENGTH DATA ELEMENTS

  • fixed length control field: 170511|| aca||aabn | a|a d

040 ## - CATALOGING SOURCE

  • Original cataloging agency: OSt
  • Transcribing agency: OSt

100 ## - HEADING--PERSONAL NAME

  • Personal name: Ekelund, Robert B.
  • Dates associated with a name: 1940-

670 ## - SOURCE DATA FOUND

  • Source citation: Work cat.: (OSt): Ekelund, Robert B. 1940-, Economics / Robert B. Ekelund, Jr., Robert D. Tollison., c1986.
Pusat Sumber Maklumat Dato' Haji Sarmin Md Hussin, Akademi Kastam Diraja Malaysia, Melaka
Tel: 06-2331106 | Faks: 06-2313787